Statistics for Famous Sisters in History

Click here to take the quiz!

General Stats

  • This quiz has been taken 59 times
  • The average score is 8 of 14

Answer Stats

HintAnswer% Correct
Hansel and his sister escaped a cannibalistic witch in the woods.Gretel
90%
Anne and Emily were sisters to this 19th century novelist.Charlotte Brontë
88%
Serena holds the edge in wins over her sister.Venus Williams
88%
Her sister Mary was the first woman to claim the English throne.Elizabeth I
81%
"Double, double, toil, and trouble," chant the Weird Sisters of this play.Macbeth
71%
Eva and Magda were sisters of this Hungarian born bombshell.Zsa Zsa Gabor
67%
This mythic sister of Castor and Pollux was abducted by Paris.Helen of Troy
65%
This leader of the rebel alliance unknowingly recruited her own brother, Luke.Princess Leia
58%
Mary—the "other" girl—was her sister, and aunt to the above queen.Anne Boleyn
50%
Parvati was the wife of Shiva and the adopted sister of this great Hindu god.Vishnu
42%
Her twin sister Abby started her own competing advice column.Ann Landers
40%
This sister of a future Hebrew prophet placed him in a basket in the river.Miriam
38%
Marc Antony's fourth wife was the sister of his rival Octavian.Octavia the Younger
19%
This wife of the commander-in-chief of the Union had five Confederate brothers.Mary Todd Lincoln
17%

Score Distribution

Percentile by Number Answered

Percent of People with Each Score

Your Score History

You have not taken this quiz